kluby ekstraklasy 2022/23 - Statystyki

Ogólne statystyki
  • Ten quiz został rozwiązany 97 razy
  • Średni wynik to 14 z 18
Statystyki odpowiedzi
Odpowiedź % Poprawnych
6 legia warszawa
98%
16 lech poznan
93%
10 slask wroclaw
87%
17 lechia gdansk
85%
4 pogon szczecin
85%
5 rakow czestochowa
85%
14 widzew lodz
82%
8 korona kielce
80%
1 wisla plock
79%
9 miedz legnica
75%
12 cracovia kraków
73%
2 stal mielec
73%
13 gornik zabrze
70%
18 piast gliwice
70%
11 zagłebie lubin
70%
3 jagielonia bialystok
69%
15 warta poznan
63%
7 radomiak radom
57%
Nie znaleziono quizów pasujących do podanych kryteriów
Rozkład punktacji
Procent ludzi z każdym wynikiem
Percentyl według liczby udzielonych odpowiedzi
Twoja historia wyników
Nie rozwiązałeś tego quizu